[Event "ESP-ch U14 rapid"]
[Site "Salobrena"]
[Date "2023.07.23"]
[Round "5"]
[White "Mata Medina, Andres"]
[Black "Arguimbau Burgos, Roger"]
[Result "1-0"]
[WhiteElo "1629"]
[BlackElo "1388"]
[PlyCount "67"]
[EventDate "2023.07.22"]
[EventType "swiss (rapid)"]
[EventRounds "9"]
[EventCountry "ESP"]
[SourceTitle "EXT 2024"]
[Source "ChessBase"]
[SourceDate "2023.10.10"]
[SourceVersion "1"]
[SourceVersionDate "2023.10.10"]
[SourceQuality "1"]

1. e3 d5 2. d4 Nf6 3. c4 e6 4. Nc3 Bb4 5. Qa4+ Nc6 6. Nf3 Bd7 7. Qc2 0-0 8. cxd5 exd5 9. a3 Bd6 10. Bd3 Re8 11. 0-0 Ne7 12. b4 c6 13. Bb2 Ng6 14. b5 Bg4 15. bxc6 bxc6 16. Nd2 Qc7 17. h3 Bh5 18. Rac1 Qd7 19. Be2 Bxe2 20. Nxe2 Rac8 21. Qa4 Ne4 22. Nxe4 Rxe4 23. Nc3 Re7 24. Nxd5 Ree8 25. Nb4 Ne7 26. d5 Bxb4 27. dxc6 Nxc6 28. axb4 h5 29. Qb5 g6 30. Qg5 Ne7 31. Qf6 Rc3 32. Bxc3 Qd4 33. Bxd4 Nf5 34. Qh8# 1-0

[Event "ESP-ch U14"]
[Site "Salobrena"]
[Date "2023.07.19"]
[Round "4"]
[White "Arguimbau Burgos, Roger"]
[Black "Corchon Granero, Mateo"]
[Result "0-1"]
[WhiteElo "1586"]
[BlackElo "1752"]
[PlyCount "88"]
[EventDate "2023.07.17"]
[EventType "swiss"]
[EventRounds "9"]
[EventCountry "ESP"]
[SourceTitle "EXT 2024"]
[Source "ChessBase"]
[SourceDate "2023.10.10"]
[SourceVersion "1"]
[SourceVersionDate "2023.10.10"]
[SourceQuality "1"]

1. d4 d5 2. c4 e6 3. Nc3 Nf6 4. Bg5 Be7 5. Nf3 Nbd7 6. Qc2 c6 7. e3 b6 8. Bd3 Bb7 9. 0-0 Rc8 10. Nd2 h6 11. Bh4 0-0 12. f4 Ng4 13. Bxe7 Qxe7 14. Rae1 f5 15. a3 Ngf6 16. b4 c5 17. bxc5 bxc5 18. Qb3 Nb6 19. a4 cxd4 20. exd4 Ne4 21. Bxe4 dxe4 22. a5 Na8 23. Kh1 Rb8 24. Qa2 Nc7 25. Re3 Rfd8 26. Ne2 Ba6 27. Rb1 Rb4 28. h3 Rdb8 29. Rxb4 Rxb4 30. Qa3 Kf7 31. Rg3 Ne8 32. Qc3 Qb7 33. Ng1 Rb2 34. d5 exd5 35. cxd5 Qb4 36. Qe5 Bc8 37. d6 Be6 38. Nf1 Rb1 39. Nh2 Qe1 40. Qc5 Qxg3 41. Qxa7+ Kg8 42. Qe7 Qf2 43. Qxe6+ Kh7 44. Qxf5+ g6 0-1

[Event "ESP-ch U12"]
[Site "Salobrena"]
[Date "2022.07.16"]
[Round "9"]
[White "Sergooris, Danail Jurgen"]
[Black "Arguimbau Burgos, Roger"]
[Result "1/2-1/2"]
[WhiteElo "1202"]
[BlackElo "1381"]
[PlyCount "56"]
[EventDate "2022.07.04"]
[EventType "swiss"]
[EventRounds "9"]
[EventCountry "ESP"]
[SourceTitle "EXT 2023"]
[Source "ChessBase"]
[SourceDate "2022.10.05"]
[SourceVersion "1"]
[SourceVersionDate "2022.10.05"]
[SourceQuality "1"]

1. d4 d5 2. c4 e6 3. Nf3 Nf6 4. cxd5 exd5 5. g3 g6 6. Bg2 Bg7 7. 0-0 0-0 8. Nc3 c6 9. a4 a5 10. b3 c5 11. Ba3 Na6 12. dxc5 Ne4 13. Nxe4 dxe4 14. Ne1 Bxa1 15. Qxa1 Qg5 16. Bc1 Qh5 17. Bxe4 Nxc5 18. Bf3 Qf5 19. Bh6 f6 20. Bxf8 Kxf8 21. Qa3 Kg7 22. Nd3 Nxd3 23. Qe7+ Kg8 24. Qe8+ Kg7 25. Qe7+ Kg8 26. Qe8+ Kg7 27. Qe7+ Kg8 28. Qe8+ Kg7 1/2-1/2